| 000 | 00764na a2200265 4500 | ||
|---|---|---|---|
| 001 | 19880 | ||
| 003 | MIRAKIL | ||
| 005 | 20181213154812.0 | ||
| 008 | 161228b tu 000 0 | ||
| 020 | _a9754580537 | ||
| 040 |
_aMilas _btur _cTR-AnCHP |
||
| 041 | _atur | ||
| 082 |
_a303.483 _bE64 1998 |
||
| 090 | _a303.483 E64 1998 | ||
| 100 | _aErkan, Hüsnü | ||
| 245 |
_aBilgi toplumu ve ekonomik gelişme _cHüsnü Erkan |
||
| 260 |
_a[İstanbul] _bTürkiye İş Bankası Kültür Yayınları _c1998 |
||
| 300 |
_a251 s. _c20 sm. |
||
| 490 |
_aTürkiye İş Bankası Kültür Yayınları _v326 |
||
| 500 | _aKaynakça var. | ||
| 650 |
_aEkonomik gelişme _xBilgi toplumu |
||
| 650 | _aBilgi ve ekonomi | ||
| 650 | _aBilgi toplumu | ||
| 942 |
_2ddc _cBKS |
||
| 999 |
_c1101 _d1101 |
||